Biblioteca y Centro de Documentación

Vista normal Vista MARC

Entrada Nombre personal

Número de registros utilizados en: 20

001 - NÚMERO DE CONTROL

  • Campo de control: 11498

003 - IDENTIFICADOR DE NÚMERO DE CONTROL

  • Campo de control: ES-MaCES

005 - FECHA Y HORA DE LA ULTIMA MODIFICACION

  • Campo de control: 20140425151856.0

008 - ELEMENTOS DE DATOS DE LONGITUD FIJA

  • Campo de longitud fija: 990426 | azznnaabn |n aaa d

035 ## - NÚMERO DE CONTROL DEL SISTEMA

  • Número de control del sistema: CES19990005487n

040 ## - FUENTE DE LA CATALOGACIÓN

  • Agencia original de catalogación: ES-MaCES
  • Idioma de catalogación: spa
  • Agencia de transcripción: ES-MaCES

100 1# - ENCABEZAMIENTO--NOMBRE DE PERSONA

  • Nombre personal: Estrada López, Bruno

450 ## - TRAZADO VEÁSE--MATERIA

  • Término de materia o nombre geográfico como elemento de entrada: López, Estrada

901 ## - CES. DATOS SIRTEX

  • ID Sirtex (N5N8): 0001500008690
  • 005BIS Sirtex: 199904261337RVILLALB
© CES, Consejo Económico y Social de España 2021